000 00640nam a2200277Ia 4500
005 20260324144148.0
008 008 260324s9999 xx 000 0 eng d
020 _a9781003069454
037 _aEBOOK
040 _aCRL
040 _beng
040 _cCRL
041 _2eng
041 _aeng
084 _qCRL
100 _aJonathan Raper
_91200731
245 0 _aThree Dimensional Applications In GIS
260 _bTaylor and Francis
260 _c1989
365 _a
365 _b120
856 _uhttp://www.taylorfrancis.com/books/9781003069454
942 _cEBOOK
999 _c1824566
_d1824566